Deep water oil production methods : a survey of currently available techniques /

Bibliographic Details
Main Author: Bluston, H. S.
Format: Book
Language:English
Published: Bedford, Great Britain : Energy Consultancy, 1980.
Edition:Reprinted June 1981, with revisions and riser equations.
Subjects:

MARC

Tag First Indicator Second Indicator Subfields
LEADER 00000cam a2200000 a 4500
001 in00000074041
005 20151008060143.0
008 800423s1980 enkaf 00010 engmd
020 |a 0950573671 
035 |a (OCoLC)06237242 
035 |9 AAJ5201AM 
040 |a GIS  |c GIS  |d TXA  |d UtOrBLW 
049 |a TXAM  |c [1271948] 
090 |a TN871.3  |b .B55 1981 
100 1 |a Bluston, H. S. 
245 1 0 |a Deep water oil production methods :  |b a survey of currently available techniques /  |c H.S. Bluston. 
250 |a Reprinted June 1981, with revisions and riser equations. 
264 1 |a Bedford, Great Britain :  |b Energy Consultancy,  |c 1980. 
300 |a 44 leaves, 6 unnumbered leaves of plates :  |b illustrations ;  |c 30 cm. 
336 |a text  |b txt  |2 rdacontent 
337 |a unmediated  |b n  |2 rdamedia 
338 |a volume  |b nc  |2 rdacarrier 
500 |a Cover title. 
650 0 |a Petroleum in submerged lands. 
650 0 |a Offshore oil well drilling. 
999 |a MARS 
999 f f |s d93b87d3-9f40-3e85-9f80-352450cbf03e  |i 572fe9d6-3677-3c11-b763-96502a8af45c  |t 0 
952 f f |p normal  |a Texas A&M University  |b College Station  |c Sterling C. Evans Library  |d Evans: Library Stacks  |t 0  |e TN871.3 .B55 1981  |h Library of Congress classification  |i unmediated -- volume  |m A14806255587 
998 f f |a TN871.3 .B55 1981  |t 0  |l Evans: Library Stacks